Sachen, die Rot sind - Statistiken

Allgemein
  • Dieses Quiz wurde 149 mal gespielt
  • Das Durchschnittsergebnis liegt bei 9 aus 20
Antwortstatistiken
Tipp Antwort % Korrekt
Worauf VIPs laufen? Roter Teppich
94%
Führt dazu, dass ein Fußballspieler das Spiel verlassen muss Rote Karte
91%
Wurde bei einem Stierkampf benutzt Rotes Tuch
91%
Körperteil, den Rudolph besitzt Rote Nase
87%
Der meistverkaufte Energy-Drink der Welt Red Bull
86%
Es liegt zwischen Afrika und Saudi-Arabien Rotes Meer
83%
Platz in der Nähe des Kremls Roter Platz
74%
Ein Unternehmen schreibt... Rote Zahlen
71%
Bezirk Amsterdams Rotlichtviertel
63%
Jemand verliert die Beherschung und... sieht Rot
44%
Art eines Sterns Roter Riese
37%
Deutscher Jagdflieger aus dem Ersten Weltkrieg Roter Baron
34%
Art eines Sterns Roter Zwerg
30%
Islamische Version des Roten Kreuzes Roter Halbmond
28%
Britische Truppen während die amerikanische Revolution Rotröcke
15%
Band, die das Lied „Unter der Brücke“ gemacht haben Red HotChili Peppers
14%
Wird mit einem Datum im Kalender gemacht Rot anstreichen
2%
Gefährliche Algenblüte in ddn USA Rote Flut
2%
Roter Schokoladenkuchen Roter Samtkuchen
1%
Tom Clancy-Buch: „Jagd auf ___ ________“ Rotem Oktober
0%
Keine übereinstimmenden Quizze gefunden
Verteilung der Resultate
Anzahl Personen mit jedem Resultat
Perzentil nach korrekt beantworteten Fragen
Ihre Resultats-Entwicklung
Sie haben dieses Quiz noch nicht gespielt